000 00510nam a22001697a 4500
999 _c17792
_d17792
003 AR-CdUCM
008 190509b ||||| |||| 00| 0 spa d
040 _aMUNICIPALIDAD PROVINCIAL DEL CUSCO
_cBIBLIOTECA MUNICIPAL DEL CUSCO
082 _a331.11 /
_bS75
100 _aSpinoza
_916157
245 _aServidumbre y libertad /
260 _aBuenos Aires :
_bTor,
300 _a158 páginas ;
_c19 cm.
505 _aLa servidumbre del hombre -- La libertad del hombre....
942 _2ddc
_cLIBROS
945 _awfj